000 00448nam a2200181Ia 4500
001 8038
005 20260306160539.0
008 260306t2013||||xx |||||||||||||| ||spa||
041 _aESP
082 _a370.1
_bC75 V. 8
100 _aCastro, Augusto
_eAUT
245 0 _aUna educación para re-crear el país, 1905-1930
260 _c2013
300 _axxv, 272 páginas :
_c25 cm.
650 _aGEN
654 _aCED
942 _cLIB
_dJUS
_fJUS
_2ddc
_n
999 _c8038
_d8038